000 01175nam a22003257a 4500
003 CHAP
005 20220901150937.0
008 971013s1976 r 00010 d
010 _a21717
011 _a22689
035 _a26784
040 _cCHAP
090 _aFolleto 3717
110 _aAsociación de Bibliotecarios de Instituciones de Enseñanza Superior y de Investigación. México
_97993
245 _aReglamento, normas y código de préstamo interbibliotecario
260 _aMéxico, D.F. :
_bAsociación de Bibliotecarios de Instituciones de Enseñanza Superior e Institución. México,
_c1976
300 _apág. varía
490 _aArchivo de ABIESI
_v; 2
590 _aBATCH-UPD
_b10
_c20130110
590 _aBATCH-UPD
_b10
_c20130410
590 _aBATCH-UPD
_b10
_c20130914
590 _aCONVERSION
_b10
_c20130109
650 1 4 _aPréstamo interbibliotecario.
_992232
830 0 _aArchivo de ABIESI
_v; 2
_96798
901 _aBK
942 _cFOLL
_2local
949 _aFolleto 3717
_bBC
_cFOLL
_d-61790
_eB
_i26784
_mD
_si
949 _aFolleto 3717
_bBC
_cFOLL
_d-61791
_eB
_fc.2
_i26784
_mD
_si
949 _aFolleto 3717
_bBC
_cFOLL
_d-61792
_eB
_fc.3
_i26784
_mD
_si
999 _c21717
_d21717